000 00319 a2200133 4500
000 nam a22 7a 4500
100 _aVivek Sachdeva
110 _aVivek Sachdeva
245 _aSouth Asia in Alternative Cinema
250 _alatest edition
260 _bRoutledge
_c2026
264 _bRoutledge
_c2026
942 _cBK
999 _c395313
_d395313